Formy a procesy verejného a neverejného obstarávania vo vybranom podniku diplomová práca

Salvato in:
Dettagli Bibliografici
Autore principale: Bačenko, Anton
Ente Autore: Obchodná fakulta EU. Katedra tovaroznalectva a kvality tovaru
Altri autori: Jurkovičová, Lujza
Natura: Libro
Lingua:slovacco
Pubblicazione: Bratislava 2013
Tags: Aggiungi Tag
Nessun Tag, puoi essere il primo ad aggiungerne!!

MARC

LEADER 00000nbm a2200000 4500
001 0169697
005 20170315090436.3
041 0 |a slo 
044 |a SK 
245 1 0 |a Formy a procesy verejného a neverejného obstarávania vo vybranom podniku  |b diplomová práca  |c Anton Bačenko ; školiteľ: Lujza Jurkovičová 
264 1 |a Bratislava  |c 2013 
300 |a 79 s. 
100 1 |a Bačenko, Anton 
700 1 |a Jurkovičová, Lujza 
710 2 |a Obchodná fakulta EU. Katedra tovaroznalectva a kvality tovaru